000 00246nam a22001097a 4500
082 _a891.4391 HAZ'S
100 _aSALIK, S|EHSAN ELLAHI
_976056
245 _aHAZOOR SHAIRA MUSHRIQ
260 _aLAHORE
_bAZIZ
_c1977
300 _a208P
942 _cBK
999 _c581464
_d581464